Quiz o markach samochodów #2 - Statystyki

Ogólne statystyki
  • Ten quiz został rozwiązany 16 716 razy
  • Średni wynik to 10 z 21
Statystyki odpowiedzi
Model Marka % Poprawnych
A8 Audi
95%
Civic Honda
87%
Clio Renault
79%
Charger Dodge
76%
Prius Toyota
76%
Camaro Chevrolet
68%
Wrangler Jeep
66%
Serii 3 BMW
63%
Jetta Volkswagen
62%
Testarossa Ferrari
54%
Model-T Ford
43%
Explorer Ford
43%
Diablo Lamborghini
37%
Cube Nissan
32%
Optima Kia | Opel
31%
Firebird Pontiac
27%
Fortwo Smart
26%
PT Cruiser Chrysler
23%
Integra Acura
22%
Volt Chevrolet
17%
de Ville Cadillac
15%
Nie znaleziono quizów pasujących do podanych kryteriów
Rozkład punktacji
Procent ludzi z każdym wynikiem
Percentyl według liczby udzielonych odpowiedzi
Twoja historia wyników
Nie rozwiązałeś tego quizu